LEADER 01471nam a2200337 u 4500 001 000000045670 003 CaOOAMICUS 005 20070226114704.0 008 990611s1993 it u000 u ita u 020 $a8831100947 035 $a10826452 040 $aPUL(R)$bita 245 13$aIl neoliberismo in Italia :$bverso forme nuove della società e dello Stato /$cMauro Fotia e Antonio Pilieri (edd.) 260 $aRoma :$bCittà Nuova,$cc1993. 300 $a187 p. ;$c21 cm 490 1 $aIdee.$aSezione Readings ;$v94 500 $aContributo di vari autori. 504 $aBibliografia a piè pagina. 650 4$aLiberismo.$0(OLS)http://pul/subject/19606 700 1 $aPilieri, Antonio.$0(OLS)http://pul/name/33295 700 1 $aFotia, Mauro.$0(OLS)http://pul/name/33294 830 0$aIdee.$pSezione Readings ;$v94.$0(OLS)http://pul/title/33394 850 $aPUL 852 $aPUL$W1$xSL Filosofia 2$y80$mPhil A15 94$j61330$nBK-PRI$b $qStampati altre collocazioni$B61330$CPULBib$Z2$F61330 $H $81 852 $aPUL$W1$xDP1 Fondo De Girolamo$y124$m1 A 20$j9543$b2.copia$qFondi$B198685$CPULBib$Z2$F198685 $81 941 1 $a1 941 1 $a10 961 $aINV: 70631 996 $6020$a8831100947$9(OLS)http://pul/number/56950 996 $6245$aIl neoliberismo in Italia :$bverso forme nuove della società e dello Stato$9(OLS)http://pul/title/61575 996 $6260$aRoma :$bCittà Nuova$9(OLS)http://pul/publisher/47927 LEADER 00968nam a2200229 u 4500 001 000000106797 003 CaOOAMICUS 005 20070910100117.0 008 070910s1989 it u000 u ita u 040 $aPUL$bita$dPG 100 1 $aBiazzi, Adelio.$0(OLS)http://pul/name/26047 245 12$aL'eucarestia :$bcommento al rito e schemi di catechesi /$cAdelio Biazzi. 260 $aMilano :$bEdizioni O.R.,$c1989. 300 $a167 p. ;$c22 cm. 490 1 $aCollana "Liturgia e catechesi" ;$v3 650 14$aCatechesi.$0(OLS)http://pul/subject/4492 830 0$aCollana "Liturgia e catechesi" ;$v3.$0(OLS)http://pul/title/134451 850 $aPUL 852 $aPUL$W1$xSL Religione 1$y3$m11 P 14$j120852$qStampati$B120030$CPULBib$Z2$F120030 $H78845 $82 941 1 $a8 996 $6245$aL'eucarestia :$bcommento al rito e schemi di catechesi$9(OLS)http://pul/title/134450 996 $6260$aMilano :$bEdizioni O.R.$9(OLS)http://pul/publisher/51414